000 00390nam a22001577a 4500
005 20200528104340.0
008 200528b xxu||||| |||| 00| 0 eng d
041 _aeng
082 _a340
100 _aBARE ACT
_95744
245 _aTHE SPECIALS PROTECTION GROUP ACT, 1988 (34-1988)
260 _aDELHI
_bPROFESSIONALS BOOK PUBLISHERS
300 _a5;p
650 _aLAW
_95701
942 _cBK
999 _c6564
_d6562